Эксергия / (Record no. 467926)
[ view plain ]
| 000 -LEADER | |
|---|---|
| fixed length control field | 00848nam-a2200241-a-4500 |
| 001 - CONTROL NUMBER | |
| control field | 000210604 |
| 003 - CONTROL NUMBER IDENTIFIER | |
| control field | AM-YeHGA |
| 005 - DATE AND TIME OF LATEST TRANSACTION | |
| control field | 20250617161235.0 |
| 008 - FIXED-LENGTH DATA ELEMENTS--GENERAL INFORMATION | |
| fixed length control field | 990607s1968 xxu 000 0 rus u |
| 040 ## - CATALOGING SOURCE | |
| Original cataloging agency | AM-YeHGA |
| 090 ## - LOCALLY ASSIGNED LC-TYPE CALL NUMBER (OCLC); LOCAL CALL NUMBER (RLIN) | |
| -- | 471159 |
| 100 10 - MAIN ENTRY--PERSONAL NAME | |
| Personal name | Шаргут, Я. |
| 245 10 - TITLE STATEMENT | |
| Title | Эксергия / |
| Statement of responsibility, etc. | Я. Шаргут, Р. Петела ; Пер. Ю.И. Батурина, Д.Ф. Стржижовского ; Под ред. В.М. Бродянского. |
| 250 ## - EDITION STATEMENT | |
| Edition statement | перераб. и доп. |
| 260 0# - PUBLICATION, DISTRIBUTION, ETC. | |
| Place of publication, distribution, etc. | Москва : |
| Name of publisher, distributor, etc. | Энергия , |
| Date of publication, distribution, etc. | 1968. |
| 300 ## - PHYSICAL DESCRIPTION | |
| Extent | 279 с. |
| 650 #4 - SUBJECT ADDED ENTRY--TOPICAL TERM | |
| Topical term or geographic name entry element | Общетехнические дисциплины |
| 650 #4 - SUBJECT ADDED ENTRY--TOPICAL TERM | |
| Topical term or geographic name entry element | Эксергия |
| 700 1# - ADDED ENTRY--PERSONAL NAME | |
| Personal name | Петела, Р. |
| 700 1# - ADDED ENTRY--PERSONAL NAME | |
| Personal name | Батурин, Ю.И. |
| 700 1# - ADDED ENTRY--PERSONAL NAME | |
| Personal name | Стржижовский, Д.Ф. |
| 700 1# - ADDED ENTRY--PERSONAL NAME | |
| Personal name | Бродянский, В.М. |
| Relationship | edt |
| Withdrawn status | Lost status | Source of classification or shelving scheme | Damaged status | Not for loan | Collection | Home library | Current library | Date acquired | Total checkouts | Full call number | Barcode | Date last seen | Price effective from | Koha item type | Public note |
|---|---|---|---|---|---|---|---|---|---|---|---|---|---|---|---|
| Universal Decimal Classification | General | Fundamental Scientific Library | Fundamental Scientific Library | 12/03/2018 | PIII/26447 | FL0487753 | 12/03/2018 | 12/03/2018 | Գրքեր / Books | 30 Days Loan | |||||
| Universal Decimal Classification | General | Fundamental Scientific Library | Fundamental Scientific Library | 12/03/2018 | PIII/26672 | FL0487215 | 12/03/2018 | 12/03/2018 | Գրքեր / Books | 30 Days Loan |
ՀՀ Գիտությունների ազգային ակադեմիայի հիմնարար գիտական գրադարան = Fundamental Scientific Library of NAS RA
All site content, except where otherwise noted, is licensed under a